UGC NET JRF SET english literature paper 2 & 3/ (Record no. 153854)

000 -LEADER
fixed length control field 00291nam a22001211a 4500
082 ## - DEWEY DECIMAL CLASSIFICATION NUMBER
Classification number
Item number
100 ## - MAIN ENTRY--PERSONAL NAME
Personal name Hira Lal Choudhary
245 ## - TITLE STATEMENT
Title UGC NET JRF SET english literature paper 2 & 3/
Statement of responsibility, etc. by Hira Lal Choudhary.
260 ## - PUBLICATION, DISTRIBUTION, ETC.
Name of publisher, distributor, etc. Upkar
Date of publication, distribution, etc. 2013
Place of publication, distribution, etc.
300 ## - PHYSICAL DESCRIPTION
Extent 580p.
650 ## - SUBJECT ADDED ENTRY--TOPICAL TERM
Topical term or geographic name entry element
942 ## - ADDED ENTRY ELEMENTS (KOHA)
Koha item type Book
Holdings
Withdrawn status Lost status Damaged status Not for loan Permanent Location Current Location Shelving location Date acquired Cost, normal purchase price Total Checkouts Barcode Date last seen Price effective from Koha item type
        RC Thiruvananthapuram RC Thiruvananthapuram   13.07.2018 799.00   TV007477 13.07.2018 13.07.2018 Book